000 00854cac a2200265 a 4500
003 Co-PeBPM
005 20250227181745.0
008 231129e2004||||xx |||||||||||||| ||spa||
020 _a9583351504
040 0 _aCo-PeBPM
_bspa
_cCo-PeBPM
_erda
041 _aspa
082 0 4 _a155.2 R763r
_222
100 1 _aRodríguez Romero, Liliana
_eAutor
245 1 0 _aRevelación Para La Sanación Del Espí­ritu
_b: Detalles De La Vida Real ¡Yo Soy La Verdad Oculta!
_c/ Liliana Romero R
260 _aBogotá, Colombia
_b: Editorial Nomos
_c, 2004
300 _a475 Páginas
_c; 15 Centímetros
500 _aIncluye Índice.
650 1 4 _2LEMB
_aAutoestima
650 1 4 _2LEMB
_aAutoestima En Niños
650 1 4 _2LEMB
_aAutorrealización
650 1 4 _2LEMB
_aPsicología
650 1 4 _2LEMB
_aDios
650 1 4 _2LEMB
_aSanación interior
942 _2ddc
_cBK
999 _c24078
_d24078